Score 0/114 Timer 10:00
0 Plays Today
% Correct
a
100%
Why
66.7%
is
66.7%
my
66.7%
verse
66.7%
so
66.7%
of
66.7%
new
66.7%
pride,
66.7%
So
66.7%
far
66.7%
from
66.7%
variation
66.7%
or
66.7%
quick
66.7%
change?
66.7%
Why
66.7%
with
66.7%
the
66.7%
time
66.7%
do
66.7%
I
66.7%
not
66.7%
glance
66.7%
aside
66.7%
To
66.7%
new-found
66.7%
methods
66.7%
and
66.7%
to
66.7%
compounds
66.7%
strange?
66.7%
Why
66.7%
write
66.7%
I
66.7%
still
66.7%
all
66.7%
one,
66.7%
% Correct
ever
66.7%
the
66.7%
same,
66.7%
And
66.7%
keep
66.7%
invention
66.7%
in
66.7%
noted
66.7%
weed,
66.7%
That
66.7%
every
66.7%
word
66.7%
doth
66.7%
almost
66.7%
tell
66.7%
my
66.7%
name,
66.7%
Showing
66.7%
their
66.7%
birth
66.7%
and
66.7%
where
66.7%
they
66.7%
did
66.7%
proceed?
66.7%
O,
66.7%
know,
66.7%
sweet
66.7%
love,
66.7%
I
66.7%
always
66.7%
write
66.7%
of
66.7%
you,
66.7%
And
66.7%
you
66.7%
and
66.7%
love
66.7%
% Correct
are
66.7%
still
66.7%
my
66.7%
argument;
66.7%
So
66.7%
all
66.7%
my
66.7%
best
66.7%
is
66.7%
dressing
66.7%
old
66.7%
words
66.7%
new,
66.7%
Spending
66.7%
again
66.7%
what
66.7%
is
66.7%
already
66.7%
spent:
66.7%
For
66.7%
as
66.7%
the
66.7%
sun
66.7%
is
66.7%
daily
66.7%
new
66.7%
and
66.7%
old,
66.7%
So
66.7%
is
66.7%
my
66.7%
love
66.7%
still
66.7%
telling
66.7%
what
66.7%
is
66.7%
told.
66.7%
barreb
33.3%
Remove Ads.
Support Sporcle.
Get the best of Sporcle when you Go Orange. This ad-free experience offers more features, more stats, and more fun while also helping to support Sporcle. Thank you for becoming a member.

You're not logged in!

Compare scores with friends on all Sporcle quizzes.
OR
Log In

Sporcle TV

Today on Sporcle TV


Watch our educational content, quiz creation guides, and fun videos on Sporcle TV.

Show Comments

Extras

Created Dec 1, 2017ReportNominate
Tags:Shakespeare Quiz

Top Quizzes Today


Score Distribution

Paid Content

Your Account Isn't Verified!

In order to create a playlist on Sporcle, you need to verify the email address you used during registration. Go to your Sporcle Settings to finish the process.

Report this User

Report this user for behavior that violates our Community Guidelines.

Details: